Plain talk about Christian words. (Record no. 3383)

000 -LEADER
fixed length control field 00653nam a2200193 a 4500
001 - CONTROL NUMBER
control field :::00001113$&:&@@
003 - CONTROL NUMBER IDENTIFIER
control field OkBaRHE
005 - DATE AND TIME OF LATEST TRANSACTION
control field 20010112122303.0
008 - FIXED-LENGTH DATA ELEMENTS--GENERAL INFORMATION
fixed length control field s1964 j 000 0 eng u
040 ## - CATALOGING SOURCE
Transcribing agency
100 1# - MAIN ENTRY--PERSONAL NAME
Personal name Gutzke, Manford George.
245 10 - TITLE STATEMENT
Title Plain talk about Christian words.
260 ## - PUBLICATION, DISTRIBUTION, ETC. (IMPRINT)
Place of publication, distribution, etc Grand Rapids, MI., :
Name of publisher, distributor, etc Zondervan Publishing House
Date of publication, distribution, etc c1964
300 ## - PHYSICAL DESCRIPTION
Extent 234 p. ;
Dimensions 22 cm.
650 ## - SUBJECT ADDED ENTRY--TOPICAL TERM
Topical term or geographic name as entry element Bible
General subdivision Theology
942 ## - ADDED ENTRY ELEMENTS (KOHA)
Source of classification or shelving scheme
Koha item type Books
Copies
Price effective from Date acquired Not for loan Damaged status Permanent Location Copy number Full call number Date last seen Shelving location Lost status Koha item type Source of classification or shelving scheme Barcode Withdrawn status
2010-04-142010-04-14  RHEMA Bible Training College1BS 543 .G82018-02-16General Stacks Books 1113 
2010-04-142010-04-14  RHEMA Bible Training College2BS 543 .G82018-02-16General Stacks Books 18880